Music Quiz

Random Music or Song Quiz

Sun, Moon, Wind or Sky Songs Quiz Stats

Quiz Updated Oct 17, 2017

Challenge
Share
Tweet
Embed
Score 0/36 Timer 06:00
8 Plays Today
Question Answer Wrong Answers
Man On The _____
R.E.M. (1992)
Moon
96.3%
Sun
0.3%
Wind
0.3%
Sky
0.1%
Blowin' In The _____
Bob Dylan (1963)
Wind
96.3%
Sun
0.3%
Moon
0.3%
Sky
0.4%
Fly Me To The _____
Frank Sinatra (1964)
Moon
95.9%
Sun
0.6%
Wind
0.1%
Sky
0.6%
The _____ Ain't Gonna Shine Anymore
The Walker Brothers (1966)
Sun
95.9%
Moon
0.8%
Wind
0.1%
Sky
0.4%
House Of The Rising _____
The Animals (1964)
Sun
95.6%
Moon
1.1%
Wind
0.1%
Sky
0.3%
_____ Beneath My Wings
Bette Midler (1989)
Wind
95%
Sun
0.9%
Moon
0.4%
Sky
0.9%
A _____ Full Of Stars
Coldplay (2014)
Sky
95%
Sun
0.3%
Moon
1.8%
Wind
0.1%
Here Comes The _____
The Beatles (1969)
Sun
94.9%
Moon
0.8%
Wind
1.2%
Sky
0.2%
Lucy In The _____ With Diamonds
The Beatles (1967)
Sky
94.8%
Sun
0.9%
Moon
0.8%
Wind
0.7%
Candle In The _____
Elton John (1974)
Wind
94.3%
Sun
0.6%
Moon
0.6%
Sky
1.7%
Ride Like The _____
Christopher Cross (1980)
Wind
94.2%
Sun
1.4%
Moon
0.8%
Sky
0.7%
Don't Let The _____ Go Down On Me
Elton John (1974)
Sun
93.9%
Moon
1.2%
Wind
0.4%
Sky
1.6%
There's A _____ Out Tonight
The Capris (1961)
Moon
93.1%
Sun
1.8%
Wind
1.5%
Sky
0.5%
Soak Up The _____
Sheryl Crow (2002)
Sun
92.5%
Moon
0.9%
Wind
1.4%
Sky
2.2%
Bad _____ Rising
Creedence Clearwater Revival (1969)
Moon
92.2%
Sun
3.5%
Wind
1.1%
Sky
0.5%
_____ High
Jigsaw (1975)
Sky
92.1%
Sun
1.6%
Moon
2.8%
Wind
0.3%
Eye In The _____
The Alan Parsons Project (1982)
Sky
91.5%
Sun
2.5%
Moon
2%
Wind
1.1%
_____ River
Jerry Butler (1961) or Danny Williams (1961) or Andy Williams (1962)
Moon
89.6%
Sun
1.4%
Wind
3.4%
Sky
2.6%
Harvest _____
Neil Young (1994)
Moon
87.8%
Sun
6.6%
Wind
1.3%
Sky
1.4%
Dust In The _____
Kansas (1978)
Wind
87.6%
Sun
0.8%
Moon
0.6%
Sky
8%
Against The _____
Bob Seger & The Silver Bullet Band (1980)
Wind
86.9%
Sun
3.5%
Moon
2.1%
Sky
4.3%
It's Only A Paper _____
Ella Fitzgerald (1945)
Moon
86.2%
Sun
4.2%
Wind
1%
Sky
5.6%
Spirit In The _____
Norman Greenbaum (1969)
Sky
83.2%
Sun
3%
Moon
1%
Wind
10%
Blue _____
The Marcels (1961)
Moon
80.3%
Sun
0.3%
Wind
0.1%
Sky
16.5%
Wheel In The _____
Journey (1978)
Sky
78.2%
Sun
3.7%
Moon
1.8%
Wind
13.1%
She's Like The _____
Patrick Swayze (1987)
Wind
77.8%
Sun
12.9%
Moon
4.9%
Sky
1.4%
Everyone's Gone to The _____
Jonathan King (1965)
Moon
77.3%
Sun
4.4%
Wind
5.7%
Sky
9.4%
(Ghost) Riders In The _____
Johnny Cash (1979) or many other artists
Sky
73.4%
Sun
4.7%
Moon
1.7%
Wind
17.1%
Seasons In The _____
Terry Jacks (1973)
Sun
72.1%
Moon
0.9%
Wind
12%
Sky
12.2%
Mr. Blue _____
Electric Light Orchestra (1978)
Sky
71.7%
Sun
0.7%
Moon
24.5%
Wind
0.2%
The _____ Cries Mary
The Jimi Hendrix Experience (1967)
Wind
71.3%
Sun
5.8%
Moon
12.3%
Sky
7.6%
Black Hole _____
Soundgarden (1994)
Sun
69.1%
Moon
10%
Wind
0.9%
Sky
16.9%
California _____
The Rivieras (1964)
Sun
67.9%
Moon
5%
Wind
3%
Sky
20.9%
Colors Of The _____
Vanessa Williams (1995)
Wind
58.3%
Sun
5.7%
Moon
3.6%
Sky
29.5%
Don't Let The _____ Catch You Crying
Gerry & The Pacemakers (1964)
Sun
58.1%
Moon
29.5%
Wind
5.7%
Sky
3.5%
Bullet The Blue _____
U2 (1987)
Sky
54.4%
Sun
2.7%
Moon
33.1%
Wind
6.8%

You're not logged in!

Compare scores with friends on all Sporcle quizzes.
Sign Up with Email
OR
Log In

You Might Also Like...

Show Comments

Extras

Top Quizzes Today


Score Distribution

Your Account Isn't Verified!

In order to create a playlist on Sporcle, you need to verify the email address you used during registration. Go to your Sporcle Settings to finish the process.

Report this User

Report this user for behavior that violates our Community Guidelines.

Details: